01487nam a2200169Ia 4500008004100000020001500041050002700056100003000083245005900113250002000172260003600192300003100228490003500259500004900294505092200343650005201265120625s2005 mx l 001 0 spa d a9700759652 4aC JX4270.M5 bP55 20051 aPina, Rafael dee , autor10aEstatuto legal de los extranjeros c / Rafael de Pina  a22a. edición  aMéxicob : Porrúa c , 2005 a443 páginas c ; 17 cm. 0 aLeyes y Códigos de México  aActualizado por Juan Pablo de Pina García 0 aConstitución Política de los Estados Unidos Mexicanos Ley de Nacionalidad y Disposiciones Complementarias Reglamento para la expedición de Certificados de Nacionalidad Mexicana Reglamento de Pasaportes Reglamento de Matricula Consular Reglamento para la Operación de Oficinas Estatales y Municipales de Enlace con la Secretaría de Relaciones Exteriores Ley General de Población y disposiciones complementarias Reglamento de la Ley General de Población Reglamento Interior de la Secretaría de Gobernación Ley de Inversión Extranjera y su Reglamento Reglamento de la Ley de Inversión Extranjera y del Registro Nacional de Inversiones Extranjeras Ley Federal de Turismo y su Reglamento Ley General de Salud y disposiciones complementarias Reglamento de la Ley General de Salud en Materia de Sanidad Internacional Disposiciones legales diversas relativas a extranjería y población  4aEXTRANJEROS vLEYES Y LEGISLACIÓN zMÉXICO